| 000 -LEADER |
| fixed length control field |
01941cam a2200361 a 4500 |
| 001 - CONTROL NUMBER |
| control field |
16466879 |
| 005 - DATE AND TIME OF LATEST TRANSACTION |
| control field |
20170120105645.0 |
| 008 - FIXED-LENGTH DATA ELEMENTS--GENERAL INFORMATION |
| fixed length control field |
100920s2012 caua 000 0 eng |
| 010 ## - LIBRARY OF CONGRESS CONTROL NUMBER |
| LC control number |
2010937498 |
| 015 ## - NATIONAL BIBLIOGRAPHY NUMBER |
| National bibliography number |
GBB0B0427 |
| Source |
bnb |
| 016 7# - NATIONAL BIBLIOGRAPHIC AGENCY CONTROL NUMBER |
| Record control number |
015649179 |
| Source |
Uk |
| 020 ## - INTERNATIONAL STANDARD BOOK NUMBER |
| International Standard Book Number |
9780495906438 (pbk.) |
| 020 ## - INTERNATIONAL STANDARD BOOK NUMBER |
| International Standard Book Number |
0495906433 (pbk.) |
| 035 ## - SYSTEM CONTROL NUMBER |
| System control number |
(OCoLC)ocn664324306 |
| 040 ## - CATALOGING SOURCE |
| Original cataloging agency |
UKM |
| Transcribing agency |
UKM |
| Modifying agency |
YDXCP |
| -- |
PZX |
| -- |
BWX |
| -- |
DLC |
| 042 ## - AUTHENTICATION CODE |
| Authentication code |
lccopycat |
| 050 00 - LIBRARY OF CONGRESS CALL NUMBER |
| Classification number |
LB2343.3 |
| Item number |
.S726 2012 |
| 082 04 - DEWEY DECIMAL CLASSIFICATION NUMBER |
| Classification number |
378.198 |
| Edition number |
22 |
| 100 1# - MAIN ENTRY--PERSONAL NAME |
| Personal name |
Staley, Constance Courtney. |
| 245 10 - TITLE STATEMENT |
| Title |
Focus on community college success / |
| Statement of responsibility, etc. |
Constance Staley & Regina Lewis, consulting editor. |
| 250 ## - EDITION STATEMENT |
| Edition statement |
2nd ed. |
| 260 ## - PUBLICATION, DISTRIBUTION, ETC. (IMPRINT) |
| Place of publication, distribution, etc. |
Belmont, CA : |
| Name of publisher, distributor, etc. |
Wadsworth ; |
| Place of publication, distribution, etc. |
Andover : |
| Name of publisher, distributor, etc. |
Cengage Learning [distributor], |
| Date of publication, distribution, etc. |
2012. |
| 300 ## - PHYSICAL DESCRIPTION |
| Extent |
xxiv, 360 p. : |
| Other physical details |
ill. ; |
| Dimensions |
28 cm. |
| 505 0# - FORMATTED CONTENTS NOTE |
| Formatted contents note |
Getting the right start -- Building dreams, setting goals -- Learning about learning -- Managing your time, energy, and money -- Thinking critically and creatively -- Developing technology, research, and information literacy skills -- Engaging, listening, and note-taking in class -- Developing your memory -- Reading and studying -- Taking tests -- Building relationships, valuing diversity -- Choosing a college major and career -- Creating your future. |
| 650 #0 - SUBJECT ADDED ENTRY--TOPICAL TERM |
| Topical term or geographic name as entry element |
College student orientation. |
| 650 #0 - SUBJECT ADDED ENTRY--TOPICAL TERM |
| Topical term or geographic name as entry element |
Community colleges. |
| 700 1# - ADDED ENTRY--PERSONAL NAME |
| Personal name |
Lewis, Regina. |
| 856 42 - ELECTRONIC LOCATION AND ACCESS |
| Materials specified |
Contributor biographical information |
| Uniform Resource Identifier |
<a href="http://www.loc.gov/catdir/enhancements/fy1105/2010937498-b.html">http://www.loc.gov/catdir/enhancements/fy1105/2010937498-b.html</a> |
| 856 42 - ELECTRONIC LOCATION AND ACCESS |
| Materials specified |
Publisher description |
| Uniform Resource Identifier |
<a href="http://www.loc.gov/catdir/enhancements/fy1105/2010937498-d.html">http://www.loc.gov/catdir/enhancements/fy1105/2010937498-d.html</a> |
| 856 41 - ELECTRONIC LOCATION AND ACCESS |
| Materials specified |
Table of contents only |
| Uniform Resource Identifier |
<a href="http://www.loc.gov/catdir/enhancements/fy1105/2010937498-t.html">http://www.loc.gov/catdir/enhancements/fy1105/2010937498-t.html</a> |
| 906 ## - LOCAL DATA ELEMENT F, LDF (RLIN) |
| a |
7 |
| b |
cbc |
| c |
copycat |
| d |
2 |
| e |
ncip |
| f |
20 |
| g |
y-gencatlg |
| 942 ## - ADDED ENTRY ELEMENTS (KOHA) |
| Source of classification or shelving scheme |
|
| Koha item type |
Hard Covered Materials |
| Classification part |
LB2343.3 .S726 2012 |